El mensaje humanista
I tiakina i:
| Kaituhi matua: | |
|---|---|
| Hōputu: | Pukapuka |
| Reo: | Pāniora |
| I whakaputaina: |
Santiago
Aconcagua
1981
|
| Putanga: | 1a. ed |
| Ngā marau: | |
| Ngā Tūtohu: |
Tāpirihia he Tūtohu
Kāore He Tūtohu, Me noho koe te mea tuatahi ki te tūtohu i tēnei pūkete!
|
MARC
| LEADER | 00000cam a2200000 a 4500 | ||
|---|---|---|---|
| 001 | UCE2557 | ||
| 003 | CL-VaPUC | ||
| 008 | 140710e19810000cl |||||||||||||||||spa|d | ||
| 082 | 0 | 4 | |a 351.003 |b FRE |2 21 |
| 100 | |a Frei Montalva, Eduardo |e author |9 255811 | ||
| 245 | 1 | 3 | |a El mensaje humanista |
| 250 | |a 1a. ed | ||
| 300 | |a 80 p | ||
| 942 | |c BK | ||
| 945 | |d 20140710 11:54:00 |a dcastane | ||
| 260 | |a Santiago |b Aconcagua |c 1981 | ||
| 650 | 0 | |a Justicia social |9 314874 | |
| 650 | 0 | |a Libertad |9 255686 | |
| 650 | 0 | |a Humanismo cristiano |9 257489 | |
| 583 | |a last modification |c 20140710 11:54:00 |k Rodrigo Vera | ||
| 999 | |c 356147 |d 356145 | ||